| 000 | 00593nam a2200205 a 4500 | ||
|---|---|---|---|
| 001 | BRL_1792 | ||
| 005 | 20190320211353.0 | ||
| 008 | 030815s1980----mx-a######---#000-0#spa-# | ||
| 041 | _aspa | ||
| 044 | _amx | ||
| 050 | 4 |
_aF1219.3.R38 _b.R63 1980 |
|
| 100 | 1 |
_aRobelo, Cecilio A. _d1839-1916 _927893 |
|
| 245 | 1 | 0 |
_aDiccionario de mitología nahuatl _cCecilio A. Robelo. |
| 260 |
_aMéxico _bEditorial Innovación _c1980 |
||
| 300 |
_a2 v. _bil. _c20 cm. |
||
| 500 | _av.1 Au1970, v.2 Au1969 | ||
| 650 | 1 | 4 |
_aMitología Azteca _vDiccionarios _xEspañol _927894 |
| 902 | _aGRL | ||
| 942 |
_2lcc _cB |
||
| 999 |
_c10600 _d10600 |
||